Vivencias / (Record no. 15716)

MARC details
000 -LEADER
campo de control de longitud fija 00600nam a2200193 i 4500
001 - NÚMERO DE CONTROL
campo de control 15716
003 - IDENTIFICADOR DE NÚMERO DE CONTROL
campo de control ES-MaACL
005 - FECHA Y HORA DE LA ÚLTIMA TRANSACCIÓN
campo de control 20230906151134.0
007 - CAMPO FIJO DE DESCRIPCIÓN FÍSICA--INFORMACIÓN GENERAL
campo de control de longitud fija t|
008 - DATOS DE LONGITUD FIJA--INFORMACIÓN GENERAL
campo de control de longitud fija 000504s1996 sp |||| | spa j
020 ## - NÚMERO INTERNACIONAL ESTÁNDAR DEL LIBRO
Número Internacional Estándar del Libro 84-921517-0-6
080 ## - NÚMERO DE LA CLASIFICACIÓN DECIMAL UNIVERSAL
Número de la Clasificación Decimal Universal 821.134.2-14"19"
100 1# - ENTRADA PRINCIPAL--NOMBRE DE PERSONA
Nombre de persona Durán, Luisa.
9 (RLIN) 46191
245 10 - MENCIÓN DEL TÍTULO
Título Vivencias /
Mención de responsabilidad, etc. Luisa Durán ; prólogo de Alejandro García Galán.
260 ## - PUBLICACIÓN, DISTRIBUCIÓN, ETC.
Lugar de publicación, distribución, etc. Madrid (Plaza Mondáriz, 7) :
Nombre del editor, distribuidor, etc. L. Durán,
Fecha de publicación, distribución, etc. 1996.
300 ## - DESCRIPCIÓN FÍSICA
Extensión 70 p ;
Dimensiones 21 cm.
700 1# - ENTRADA AGREGADA--NOMBRE PERSONAL
Nombre de persona García Galán, Alejandro.
9 (RLIN) 54633
852 ## - LOCALIZACIÓN
Ubicación ES-MaACL
Número de control de estantería L-22964
Nota libre . - Dedicatoria autógrafa de la autora
Holdings
Estatus retirado Estado de pérdida Estado de daño No para préstamo Biblioteca de origen Biblioteca actual Ubicación en estantería Fecha de adquisición Fuente de adquisición Total de préstamos Signatura topográfica completa Código de barras Visto por última vez Precio de reemplazo Tipo de ítem Koha
        Biblioteca del Ateneo de Madrid Biblioteca del Ateneo de Madrid Depósito 2 17/01/2008     L-22964 1015975 23/02/2023 23/02/2023 Libro impreso